Chila Jaalakakkazhchakal (Record no. 75572)

MARC details
000 -LEADER
fixed length control field 00262nam a22001097a 4500
100 ## - MAIN ENTRY--AUTHOR NAME
Personal name Satheesh Chandran, M.g.
245 ## - TITLE STATEMENT
Title Chila Jaalakakkazhchakal
260 ## - PUBLICATION, DISTRIBUTION, ETC. (IMPRINT)
Name of publisher Rubber, 712(september)
Year of publication 2025
300 ## - PHYSICAL DESCRIPTION
Number of Pages 16-19
Other physical details Malayalam
942 ## - ADDED ENTRY ELEMENTS (KOHA)
Koha item type Journals
Holdings
Withdrawn status Lost status Damaged status Not for loan Home library Current library Date acquired Koha item type
        RRII Library RRII Library 17/09/2025 Journals